Novinky zahraničnej lesníckej a drevárskej literatúry.

Uložené v:
Podrobná bibliografia
Nový názov:Novinky lesníckej a drevárskej literatúry
Médium: Časopis
Jazyk:Slovak
Vydané: Zvolen : Štátna vedecká knižnica, 1962-1965.
Tagy: Pridať tag
Žiadne tagy, Buďte prvý kto otaguje tento záznam!

MARC

LEADER 00000nas a22000004a 4500
001 000624708
003 SVKKK
005 20191104100227.0
008 191104d19621965xo r|p|||||||0|||b0slo c
040 |a KE001  |b slo  |e AACR2 
041 0 |a slo 
044 |a xo  |c SK 
245 0 0 |a Novinky zahraničnej lesníckej a drevárskej literatúry. 
260 |a Zvolen :  |b Štátna vedecká knižnica,  |c 1962-1965. 
310 |a 1x mesačne 
362 0 |a 1962-1965 
500 |a Od roku 1966 pozri: Novinky lesníckej a drevárskej literatúry (C.3602) 
785 0 0 |t Novinky lesníckej a drevárskej literatúry 
910 |a KE001  |b C.3602 
998 |a SE 
090 |g CASOS  |k Sklad Pribinova suterén  |a C.3602  |j 00000  |i 2720698151  |4 Silne poškodené  |s Vyradená 
090 |g CASOS  |k Sklad Pribinova suterén  |a C.3602  |j 00000  |i 2720698153  |4 Silne poškodené  |s Vyradená 
090 |g CASOS  |k Sklad Pribinova suterén  |a C.3602  |j 00000  |i 2720698155  |4 Silne poškodené  |s Vyradená 
090 |g CASOS  |k Sklad Pribinova suterén  |a C.3602  |j 00000  |i 2720698156  |4 Silne poškodené  |s Vyradená